00602 2200217 4500001002100000005001500021035002000036007000300056008004100059082000800100084001200108245014300120260001800263300002200281650001600303710002600319110001000345990000900355990000900364990001100373INLIS00000000000022120200810093735 a0010-0917000207ta200810 f 0  a297 a297 KES1 aAyat-Ayat Al-Qur'an dan Hadist tentang Berbagai Peristiwa Keagamaan dan kemasyarakatan /cKesra & Yayasan Qawwiyyulamin Kota Pangkalpinang aPangkalpinang a82 hlm. ;c20 cm. 4aAgama Islam aYayasan Qawwiyyulamin aKesra a2974 a7485 a2794 A